| 000 | 00424nam a2200181Ia 4500 | ||
|---|---|---|---|
| 008 | 100917s9999 xx 000 0 und d | ||
| 082 | _b47238 | ||
| 100 | _aCaroline Rush | ||
| 245 | _aThe Scarecrow | ||
| 260 |
_bMacmillan _c1968 |
||
| 300 | _a73 | ||
| 365 | _b0 | ||
| 520 | _aबालविभाग | ||
| 630 | _aThe Scarecrow | ||
| 650 | _aबालविभाग | ||
| 730 | _aThe Scarecrow | ||
| 942 | _cBOOK | ||
| 999 |
_c652632 _d652629 |
||